=LDR 00000nam 2200000 4500 =001 INLIS000000000038028 =005 20240205100809 =035 ##$$a 0010-061300000038028 =008 240205###########################1#ind## =041 ##$$a ind =082 ##$$a 423 =090 ##$$a 423, yel y =100 ##$$a Yellow elephant and other stories =245 1#$$a Yellow elephant and other stories /$c Drs. V. Sudarna HS. =650 #4$$a Fiksi =850 ##$$a NBPNMAT =020 ##$$a 979-511-025-X =084 ##$$a 423 YEL y =260 ##$$a Jakarta :$b Gramedia Pustaka Utama,$c 1990 =300 ##$$a 33 hlm ; $c 20 cm =990 ##$$a 02350235 =990 ##$$a 99.554/Pro-96